| 000 | 00369nam a2200133Ia 4500 | ||
|---|---|---|---|
| 008 | 231129s1986||||xx |||||||||||||| ||spa|| | ||
| 040 | _bspa | ||
| 082 | _a352.0072 V335e | ||
| 100 | _aVasquez V. Orlando E | ||
| 245 | 0 | _aElección popular de alcaldes Itinerario de una reforma constitucional | |
| 260 | _c1986 | ||
| 264 | _aJuridica Universitaria | ||
| 942 |
_2ddc _cBKS |
||
| 999 |
_c12721 _d12721 |
||